Diccionario Mosby: Medicina, Enfermería y Ciencias de la Salud
Spremljeno u:
| Format: | Knjiga |
|---|---|
| Jezik: | španjolski |
| Izdano: |
Madrid
Elsevier
2003
|
| Izdanje: | 6a. ed |
| Teme: | |
| Oznake: |
Dodaj oznaku
Bez oznaka, Budi prvi tko označuje ovaj zapis!
|
MARC
| LEADER | 00000cam a2200000 a 4500 | ||
|---|---|---|---|
| 001 | UCD5310 | ||
| 003 | CL-VaPUC | ||
| 008 | 160902e20030000sp |||||||||||||||||spa|d | ||
| 020 | |a 8481746320o.c | ||
| 020 | |a 8481746916v.1 | ||
| 020 | |a 8481746924v.2 | ||
| 082 | 0 | 4 | |a 610.03 |b DIC |2 21 |
| 245 | 1 | 0 | |a Diccionario Mosby: Medicina, Enfermería y Ciencias de la Salud |
| 250 | |a 6a. ed | ||
| 300 | |a v | ||
| 942 | |c BK | ||
| 945 | |d 20160902 15:38:00 |a dcastane | ||
| 260 | |a Madrid |b Elsevier |c 2003 | ||
| 650 | 0 | |a Medicina |9 258507 | |
| 650 | 0 | |a Salud |9 258663 | |
| 650 | 0 | |a Diccionarios |9 256200 | |
| 583 | |a last modification |c 20160902 15:38:00 |k Rodrigo Vera | ||
| 999 | |c 366028 |d 366026 | ||